000 00817nam0a22002531 4500
001 rc\2579277
005 20250623115339.0
035 _a(NLR Aleph) 006743790
090 _a5672297
_c5672297
100 _a20110914d1928 |||y0rusy50 ca
101 0 _arus
102 _aRU
105 _aac z |||c|
200 1 _aОчерк истории точных наук
_fА. Б. Якобсон
205 _a2-е изд.
210 _aМосква
_cРаботник просвещения
_d1928
_gтип. "Гудок"
215 _a204 с.
_cил., портр., черт.
_d24х16 см.
320 _aБиблиогр. стр. 202
700 1 _aЯкобсон
_bА.Б.
_f1896-
_gАльфред Борисович
801 0 _aRU
_bNLR
_gpsbo
801 1 _aRU
_bELAR
_2rusmarc
852 _aNLR
_j44/297
942 _cBOOK
980 _aNB